000 004490000a22001810004500
003 MACL
005 20150908153640.0
008 150908b xxu||||| |||| 00| 0 eng d
040 _aMACL
_cMACL
041 _aEnglish
082 _a820.4/GUH
100 _aGuha, Ramchandra
_99331
245 _aThe Last Liberal & Other Essays
260 _aDelhi
_bPermanent Black
_c2004
350 _a495
650 _aEnglish Essays
_99332
942 _cBK
_k820.4
_2ddc
999 _c1689
_d1689